ARRUPE JESUIT UNIVERSITY

CORONAVIRUS -STOP THE SPREAD - CLEAN,DISINFECT,COVER

Mary and the Christian gospel / (Record no. 125656)

MARC details
000 -LEADER
fixed length control field 00747cam a2200253 i 4500
001 - CONTROL NUMBER
control field 3670394
003 - CONTROL NUMBER IDENTIFIER
control field ARRUPE
005 - DATE AND TIME OF LATEST TRANSACTION
control field 20161103105051.0
008 - FIXED-LENGTH DATA ELEMENTS--GENERAL INFORMATION
fixed length control field 770421s1976 enk b 001 0 eng
010 ## - LIBRARY OF CONGRESS CONTROL NUMBER
LC control number 77353990
015 ## - NATIONAL BIBLIOGRAPHY NUMBER
National bibliography number GB76-32923
020 ## - INTERNATIONAL STANDARD BOOK NUMBER
International Standard Book Number 0281029261 :
Terms of availability £3.25
040 ## - CATALOGING SOURCE
Original cataloging agency DLC
Transcribing agency DLC
Modifying agency DLC
050 00 - LIBRARY OF CONGRESS CALL NUMBER
Classification number BT602
Item number .D49
082 00 - DEWEY DECIMAL CLASSIFICATION NUMBER
Classification number 232.91
300 ## - PHYSICAL DESCRIPTION
Dimensions 22 cm.
100 1# - MAIN ENTRY--PERSONAL NAME
Personal name De Satgé, John.
9 (RLIN) 27238
245 10 - TITLE STATEMENT
Title Mary and the Christian gospel /
Statement of responsibility, etc [by] John de Satgé.
260 ## - PUBLICATION, DISTRIBUTION, ETC. (IMPRINT)
Place of publication, distribution, etc London :
Name of publisher, distributor, etc S.P.C.K.,
Date of publication, distribution, etc 1976.
300 ## - PHYSICAL DESCRIPTION
Extent x, 162 p. ;
504 ## - BIBLIOGRAPHY, ETC. NOTE
Bibliography, etc Includes bibliographical references and indexes.
600 00 - SUBJECT ADDED ENTRY--PERSONAL NAME
Personal name Mary,
Titles and other words associated with a name Blessed Virgin, Saint.
9 (RLIN) 27239
906 ## - LOCAL DATA ELEMENT F, LDF (RLIN)
a 7
b cbc
c orignew
d 3
e ncip
f 19
g y-gencatlg
942 ## - ADDED ENTRY ELEMENTS (KOHA)
Source of classification or shelving scheme Library of Congress Classification
Koha item type Monograph ( Printed materials)
Holdings
Withdrawn status Lost status Source of classification or shelving scheme Damaged status Not for loan Collection code Home library Current library Shelving location Date acquired Total Checkouts Full call number Barcode Date last seen Price effective from Koha item type
    Library of Congress Classification     Main Collection ARRUPE LIBRARY ARRUPE LIBRARY Main Collection 03/11/2016   BT602 .D49 46500009994 03/11/2016 03/11/2016 Monograph ( Printed materials)

 

Arrupe Library. PO Box MP320 Mt Pleasant, Harare, Zimbabwe
263 242 745411|librarian@aju.ac.zw